Statistics for Biggest Cities in Greece

Click here to take the quiz!

General Stats

  • This quiz has been taken 232 times
  • The average score is 8 of 15

Answer Stats

PopulationCity% Correct
3,090,508Athens
99%
824,676Thessaloniki
96%
140,730Heraklion
83%
167,446Patras
74%
144,651Larissa
67%
65,574Ioannina
55%
54,100Kalamata
54%
86,046Volos
51%
56,122Xanthi
42%
57,812Alexandroupoli
41%
54,027Kavala
35%
58,287Serres
35%
61,653Trikala
35%
59,125Chalcis
31%
55,997Katerini
24%

Score Distribution

Percentile by Number Answered

Percent of People with Each Score

Your Score History

You have not taken this quiz